00483nam a22001457a 4500020001800000040000900018082001400027100003000041245005600071260004300127650003300170942001200203999001900215952010300234 a0000000540001 cNUST a910.4 RAH aRahi, Fazal Rabi9110459 aManzil Ba Manzil: bEurope Aur Dubai Kay Safarnamay aLahore:b Al-Mezaan Publishers,c2015. aUrdu Adab Safarnamay9110463 2ddccBK c593788d593788 00102ddc4070aCEMEbCEMEcGENd2023-03-16l0o910.4 RAHpCEME-50720r2023-03-16w2023-03-16yBK